The structural basis of architecture / (Record no. 353970)
[ view plain ]
| 000 -LEADER | |
|---|---|
| fixed length control field | 01670nam a2200289 a 4500 |
| 001 - CONTROL NUMBER | |
| control field | ASIN0415415470 |
| 003 - CONTROL NUMBER IDENTIFIER | |
| control field | OSt |
| 005 - DATE AND TIME OF LATEST TRANSACTION | |
| control field | 20180116192423.0 |
| 008 - FIXED-LENGTH DATA ELEMENTS--GENERAL INFORMATION | |
| fixed length control field | 140701s2011 xxu eng d |
| 020 ## - INTERNATIONAL STANDARD BOOK NUMBER | |
| International Standard Book Number | 0415415470 (paperback) |
| Terms of availability | $43.95 |
| 020 ## - INTERNATIONAL STANDARD BOOK NUMBER | |
| International Standard Book Number | 9780415415477 (paperback) |
| 040 ## - CATALOGING SOURCE | |
| Transcribing agency | sada |
| 050 04 - LIBRARY OF CONGRESS CALL NUMBER | |
| Classification number | NA2750 |
| 082 04 - DEWEY DECIMAL CLASSIFICATION NUMBER | |
| Classification number | 721 |
| 100 1# - MAIN ENTRY--PERSONAL NAME | |
| Personal name | Sandaker, Bjorn N. |
| 9 (RLIN) | 7602 |
| 245 14 - TITLE STATEMENT | |
| Title | The structural basis of architecture / |
| Statement of responsibility, etc. | Bjorn N. Sandaker, Arne P. Eggen, Mark R. Cruvellier. |
| 250 ## - EDITION STATEMENT | |
| Edition statement | 2nd ed. |
| 260 ## - PUBLICATION, DISTRIBUTION, ETC. | |
| Place of publication, distribution, etc. | [S.l.] : |
| Name of publisher, distributor, etc. | Routledge, |
| Date of publication, distribution, etc. | 2011. |
| 300 ## - PHYSICAL DESCRIPTION | |
| Extent | 424 p. ; |
| Dimensions | 28 cm. |
| 520 ## - SUMMARY, ETC. | |
| Summary, etc. | This is a book about structures that shows students how to "see" structures as integral to architecture, and how knowledge of structures is the basis for understanding both the mechanical and conceptual aspects inherent to the art of building. Analyzing the structural principles behind many of the best known works of architecture from past and present alike, this book places the subject within a contemporary context. The subject matter is approached in a qualitative and discursive manner, and is illustrated by many photographs of architectural projects and structural behaviour diagrams. This new edition is revised and updated throughout, includes worked-out examples, and is perfect as either an introductory structures course text or as a designer’s sourcebook for inspiration. |
| 650 #0 - SUBJECT ADDED ENTRY--TOPICAL TERM | |
| Topical term or geographic name entry element | Architectural design |
| 9 (RLIN) | 7603 |
| 650 #0 - SUBJECT ADDED ENTRY--TOPICAL TERM | |
| Topical term or geographic name entry element | Structural design |
| 9 (RLIN) | 7604 |
| 700 1# - ADDED ENTRY--PERSONAL NAME | |
| Personal name | Cruvellier, Mark R. |
| 9 (RLIN) | 7605 |
| 700 1# - ADDED ENTRY--PERSONAL NAME | |
| Personal name | Eggen, Arne P. |
| 9 (RLIN) | 7606 |
| 856 40 - ELECTRONIC LOCATION AND ACCESS | |
| Materials specified | Amazon.com |
| Uniform Resource Identifier | <a href="http://www.amazon.com/exec/obidos/ASIN/0415415470/chopaconline-20">http://www.amazon.com/exec/obidos/ASIN/0415415470/chopaconline-20</a> |
| 942 ## - ADDED ENTRY ELEMENTS (KOHA) | |
| Source of classification or shelving scheme | |
| Koha item type | Book |
| Withdrawn status | Lost status | Source of classification or shelving scheme | Damaged status | Not for loan | Permanent Location | Current Location | Date acquired | Total Checkouts | Full call number | Barcode | Date last seen | Date last checked out | Cost, replacement price | Price effective from | Koha item type |
|---|---|---|---|---|---|---|---|---|---|---|---|---|---|---|---|
| School of Art Design and Architecture (SADA) | School of Art Design and Architecture (SADA) | 07/07/2014 | 1 | 721 SAN 2011 | SADA0002334 | 02/04/2016 | 01/14/2016 | 4420.56 | 07/07/2014 | Book |
